Sports Quiz

Random Sports or Olympics Quiz

Discontinued Olympic Event Winners Quiz Stats

Quiz Updated Aug 20, 2012

Challenge
Share
Tweet
Embed
Score 0/37 Timer 02:00
2 Plays Today
% Correct
Great Britain & United States
99.6%
United States
99.2%
United States
99.2%
United States
99.2%
United States
99.2%
United States
99.2%
United States
99.2%
United States
99.2%
United States
99.2%
United States
99.2%
France
89.3%
France
89.3%
France
89.3%
France
89.3%
France
89.3%
Great Britain
87.8%
Great Britain
87.8%
Great Britain
87.8%
Great Britain
87.8%
% Correct
Great Britain
87.8%
Great Britain
87.8%
Great Britain
87.8%
Great Britain
87.8%
Great Britain
87.8%
Japan
86.5%
Canada
84.9%
Canada
84.9%
Spain
79.8%
Australia
72.1%
Cuba
67.9%
Cuba
67.9%
Cuba
67.9%
Denmark & Sweden
42.9%
Sweden
39.4%
South Korea
38.5%
Argentina
33.7%
Argentina
33.7%

You're not logged in!

Compare scores with friends on all Sporcle quizzes.
Join for Free
OR
Log In

You Might Also Like...

Show Comments

Extras

Top Quizzes Today


Score Distribution

Your Account Isn't Verified!

In order to create a playlist on Sporcle, you need to verify the email address you used during registration. Go to your Sporcle Settings to finish the process.

Report this User

Report this user for behavior that violates our Community Guidelines.

Details: